[Event "NED-ch U14 Youth 2019"]
[Site "Assen"]
[Date "2019.05.03"]
[Round "8.7"]
[White "Franke, Daniel"]
[Black "Jakhari, Ansh"]
[Result "0-1"]
[WhiteElo "1465"]
[BlackElo "1630"]
[Annotator "NA"]
[PlyCount "160"]
[EventDate "2019.04.28"]
[EventType "swiss"]
[EventCountry "NED"]
[SourceTitle "playchess.com"]
[Source "ChessBase"]
[SourceQuality "1"]
[TimeControl "5400+30"]

1. d4 {[%emt 0:00:00]} Nf6 {[%emt 0:00:00]} 2. c4 {[%emt 0:00:00]} e6 {[%emt 0:00:00]} 3. Nf3 {[%emt 0:00:00]} d5 {[%emt 0:00:00]} 4. Nc3 {[%emt 0:00:00]} Bd6 {[%emt 0:01:12]} 5. c5 {[%emt 0:00:03]} Be7 {[%emt 0:00:07]} 6. e3 {[%emt 0:01:12]} b6 {[%emt 0:00:57]} 7. b4 {[%emt 0:03:23]} a5 {[%emt 0:00:48]} 8. bxa5 {[%emt 0:19:06]} bxc5 {[%emt 0:01:27]} 9. dxc5 {[%emt 0:05:37]} Bxc5 {[%emt 0:01:22]} 10. Bd2 {[%emt 0:01:39]} O-O {[%emt 0:04:25]} 11. Bd3 {[%emt 0:01:21]} Nc6 {[%emt 0:01:03]} 12. Qc2 {[%emt 0:14:36]} Nb4 {[%emt 0:00:37]} 13. Qb1 {[%emt 0:04:03]} Nxd3+ {[%emt 1:24:32]} 14. Qxd3 {[%emt 0:01:10]} Ba6 {[%emt 0:00:00]} 15. Qc2 {[%emt 0:01:40]} Bb4 {[%emt 0:00:00]} 16. Ne2 {[%emt 0:02:50]} Bxd2+ {[%emt 0:00:00]} 17. Qxd2 {[%emt 0:01:13]} c5 {[%emt 0:00:00]} 18. O-O {[%emt 0:02:17]} Ne4 {[%emt 0:00:00]} 19. Qc2 {[%emt 0:01:44]} Rc8 {[%emt 0:00:00]} 20. Rfc1 {[%emt 0:01:41]} Qxa5 {[%emt 0:00:00]} 21. Nc3 {[%emt 0:03:55]} Nxc3 {[%emt 0:00:00]} 22. Qxc3 {[%emt 0:00:44]} Qxc3 {[%emt 0:00:00]} 23. Rxc3 {[%emt 0:00:05]} f6 {[%emt 0:00:00]} 24. Rac1 {[%emt 0:02:17]} c4 {[%emt 0:00:00]} 25. Ra3 {[%emt 0:31:54]} Ra8 {[%emt 0:00:00]} 26. Rb1 {[%emt 0:00:00]} Rfb8 {[%emt 0:00:00]} 27. Rxb8+ {[%emt 0:00:00]} Rxb8 {[%emt 0:00:00]} 28. h3 {[%emt 0:00:00]} Ra8 {[%emt 0:00:00]} 29. Rc3 {[%emt 0:00:00]} e5 {[%emt 0:00:00]} 30. Kf1 {[%emt 0:00:00]} Rd8 {[%emt 0:00:00]} 31. Ra3 {[%emt 0:00:00]} Rd6 {[%emt 0:00:00]} 32. Ke1 {[%emt 0:00:00]} Kf7 {[%emt 0:00:00]} 33. g4 {[%emt 0:00:00]} Ke7 {[%emt 0:00:00]} 34. Nh4 {[%emt 0:00:00]} g6 {[%emt 0:00:00]} 35. Nf3 {[%emt 0:00:00]} Kd7 {[%emt 0:00:00]} 36. h4 {[%emt 0:00:00]} Ke6 {[%emt 0:00:00]} 37. g5 {[%emt 0:00:00]} fxg5 {[%emt 0:00:00]} 38. Nxg5+ {[%emt 0:00:00]} Kf5 {[%emt 0:00:00]} 39. Nf3 {[%emt 0:00:00]} Bb7 {[%emt 0:00:00]} 40. Ra5 {[%emt 0:00:00]} Kf6 {[%emt 0:00:00]} 41. Rb5 {[%emt 0:00:00]} Ba6 {[%emt 0:00:00]} 42. Rc5 {[%emt 0:00:00]} Bb7 {[%emt 0:00:00]} 43. Rb5 {[%emt 0:00:00]} Bc8 {[%emt 0:00:00]} 44. Rc5 {[%emt 0:01:41]} Be6 {[%emt 0:00:00]} 45. a4 {[%emt 0:00:58]} Bg4 {[%emt 0:00:00]} 46. Nd2 {[%emt 0:00:04]} Bd7 {[%emt 0:00:00]} 47. a5 {[%emt 0:00:23]} Ke6 {[%emt 0:00:00]} 48. e4 {[%emt 0:02:32]} Ba4 {[%emt 0:00:00]} 49. exd5+ {[%emt 0:01:49]} Rxd5 {[%emt 0:00:00]} 50. Rxc4 {[%emt 0:01:09]} Rxa5 {[%emt 0:00:00]} 51. Ne4 {[%emt 0:00:29]} Kf5 {[%emt 0:00:00]} 52. Ng3+ {[%emt 0:00:50]} Ke6 {[%emt 0:00:00]} 53. Ne4 {[%emt 0:00:09]} Kf5 {[%emt 0:00:00]} 54. Ng3+ {[%emt 0:00:09]} Kf6 {[%emt 0:00:00]} 55. Ne4+ {[%emt 0:00:15]} Kf5 {[%emt 0:00:00]} 56. Ng3+ {[%emt 0:00:10]} Ke6 {[%emt 0:00:00]} 57. Ne4 {[%emt 0:00:10]} Bb5 {[%emt 0:00:00]} 58. Rc5 {[%emt 0:01:16]} Ra1+ {[%emt 0:00:00]} 59. Kd2 {[%emt 0:00:03]} Ba6 {[%emt 0:00:00]} 60. Rc7 {[%emt 0:00:59]} h6 {[%emt 0:00:00]} 61. Ra7 {[%emt 0:01:22]} Ra2+ {[%emt 0:00:00]} 62. Ke1 {[%emt 0:00:19]} Re2+ {[%emt 0:00:00]} 63. Kd1 {[%emt 0:00:16]} Rxe4 {[%emt 0:00:00]} 64. Rxa6+ {[%emt 0:00:06]} Kf5 {[%emt 0:00:00]} 65. h5 {[%emt 0:00:18]} gxh5 {[%emt 0:00:00]} 66. Rxh6 {[%emt 0:00:07]} Kg4 {[%emt 0:00:00]} 67. f3+ {[%emt 0:00:50]} Kxf3 {[%emt 0:00:00]} 68. Rxh5 {[%emt 0:00:06]} Ke3 {[%emt 0:00:00]} 69. Rh3+ {[%emt 0:00:09]} Kf2 {[%emt 0:00:00]} 70. Rh2+ {[%emt 0:00:43]} Kg3 {[%emt 0:00:00]} 71. Ra2 {[%emt 0:01:28]} Rf4 {[%emt 0:00:00]} 72. Ra5 {[%emt 0:00:44]} e4 {[%emt 0:00:00]} 73. Ra4 {[%emt 0:00:22]} Kf3 {[%emt 0:00:00]} 74. Ke1 {[%emt 0:00:59]} Rh4 {[%emt 0:30:30]} 75. Ra8 {[%emt 0:01:21]} Rh1+ {[%emt 0:00:00]} 76. Kd2 {[%emt 0:00:05]} e3+ {[%emt 0:00:00]} 77. Kd3 {[%emt 0:01:08]} Rd1+ {[%emt 0:00:00]} 78. Kc2 {[%emt 0:01:01]} e2 {[%emt 0:00:00]} 79. Ra3+ {[%emt 0:00:53]} Kf2 {[%emt 0:00:00]} 80. Rd3 {[%emt 0:01:23]} Rxd3 {[%emt 0:00:00]} 0-1

[Event "NED-ch U14 Youth 2019"]
[Site "Assen"]
[Date "2019.05.03"]
[Round "8.9"]
[White "De Heij, Mees"]
[Black "Arnold, Lorin"]
[Result "0-1"]
[WhiteElo "1524"]
[BlackElo "1598"]
[Annotator "NA"]
[PlyCount "94"]
[EventDate "2019.04.28"]
[EventType "swiss"]
[EventCountry "NED"]
[SourceTitle "playchess.com"]
[Source "ChessBase"]
[SourceQuality "1"]
[TimeControl "5400+30"]

1. e4 {[%emt 0:00:00]} c5 {[%emt 0:00:03]} 2. Nf3 {[%emt 0:00:00]} Nc6 {[%emt 0:00:26]} 3. d4 {[%emt 0:00:36]} cxd4 {[%emt 0:00:14]} 4. Nxd4 {[%emt 0:00:10]} e5 {[%emt 0:00:07]} 5. Nb5 {[%emt 0:01:24]} d6 {[%emt 0:00:09]} 6. N1c3 {[%emt 0:01:06]} a6 {[%emt 0:00:07]} 7. Na3 {[%emt 0:00:23]} b5 {[%emt 0:00:15]} 8. Nd5 {[%emt 0:00:11]} Nge7 {[%emt 0:00:08]} 9. Bg5 {[%emt 0:06:21]} h6 {[%emt 0:01:13]} 10. Bh4 {[%emt 0:01:03]} Bb7 {[%emt 0:05:23]} 11. c3 {[%emt 0:02:52]} Qa5 {[%emt 0:03:20]} 12. Be2 {[%emt 0:05:42]} Nxd5 {[%emt 0:00:13]} 13. exd5 {[%emt 0:00:17]} Ne7 {[%emt 0:00:16]} 14. O-O {[%emt 0:01:25]} g5 {[%emt 0:05:29]} 15. Bg3 {[%emt 0:00:37]} Bg7 {[%emt 0:01:09]} 16. Bf3 {[%emt 0:01:22]} O-O {[%emt 0:02:05]} 17. Qd2 {[%emt 0:05:12]} f5 {[%emt 0:03:34]} 18. h3 {[%emt 0:00:30]} Rad8 {[%emt 0:05:29]} 19. Rfe1 {[%emt 0:02:13]} e4 {[%emt 0:01:57]} 20. Bd1 {[%emt 0:10:44]} Bxd5 {[%emt 0:03:35]} 21. Bb3 {[%emt 0:01:15]} Bxb3 {[%emt 0:02:17]} 22. axb3 {[%emt 0:00:19]} Qb6 {[%emt 0:01:05]} 23. c4 {[%emt 0:08:12]} bxc4 {[%emt 0:03:01]} 24. Nxc4 {[%emt 0:05:10]} Qxb3 {[%emt 0:00:34]} 25. Nxd6 {[%emt 0:09:09]} f4 {[%emt 0:05:58]} 26. Rxe4 {[%emt 0:04:59]} Nf5 {[%emt 0:07:55]} 27. Ra3 {[%emt 0:04:35]} Rxd6 {[%emt 0:11:40]} 28. Qxd6 {[%emt 0:09:16]} Nxd6 {[%emt 0:00:05]} 29. Rxb3 {[%emt 0:00:08]} Nxe4 {[%emt 0:01:50]} 30. Bh2 {[%emt 0:01:23]} Rc8 {[%emt 0:00:23]} 31. g3 {[%emt 0:01:08]} Nd2 {[%emt 0:00:07]} 32. Rd3 {[%emt 0:01:57]} f3 {[%emt 0:00:38]} 33. Kh1 {[%emt 0:00:10]} Rc1+ {[%emt 0:00:08]} 34. Bg1 {[%emt 0:00:05]} Rd1 {[%emt 0:09:08]} 35. b3 {[%emt 0:00:53]} a5 {[%emt 0:05:03]} 36. Rd7 {[%emt 0:00:33]} Bc3 {[%emt 0:02:49]} 37. Rd6 {[%emt 0:00:30]} Kg7 {[%emt 0:00:28]} 38. Rd7+ {[%emt 0:00:23]} Kf6 {[%emt 0:00:36]} 39. Rd6+ {[%emt 0:00:11]} Kf5 {[%emt 0:01:02]} 40. Rxh6 {[%emt 0:03:21]} Nxb3 {[%emt 0:00:12]} 41. g4+ {[%emt 0:00:55]} Kf4 {[%emt 0:00:40]} 42. Rc6 {[%emt 0:00:51]} Nd4 {[%emt 0:02:45]} 43. Rxc3 {[%emt 0:02:47]} Rxg1+ {[%emt 0:00:22]} 44. Kh2 {[%emt 0:00:34]} Rg2+ {[%emt 0:00:17]} 45. Kh1 {[%emt 0:00:20]} Rxf2 {[%emt 0:00:11]} 46. Rc4 {[%emt 0:00:42]} Kg3 {[%emt 0:00:12]} 47. Rc1 {[%emt 0:00:47]} Rh2+ {[%emt 0:00:03]} 0-1

[Event "NED-ch U14 Youth 2019"]
[Site "Assen"]
[Date "2019.05.03"]
[Round "8.11"]
[White "Tiggelman, Vincent"]
[Black "Van Kuijk, Vadim"]
[Result "1-0"]
[WhiteElo "1378"]
[BlackElo "1589"]
[Annotator "NA"]
[PlyCount "85"]
[EventDate "2019.04.28"]
[EventType "swiss"]
[EventCountry "NED"]
[SourceTitle "playchess.com"]
[Source "ChessBase"]
[SourceQuality "1"]
[TimeControl "5400+30"]

1. e4 {[%emt 0:00:00]} c5 {[%emt 0:00:00]} 2. Nf3 {[%emt 0:00:00]} Nc6 {[%emt 0:00:00]} 3. d3 {[%emt 0:00:00]} g6 {[%emt 0:00:01]} 4. g3 {[%emt 0:00:23]} Bg7 {[%emt 0:00:23]} 5. Nbd2 {[%emt 0:00:30]} d6 {[%emt 0:01:32]} 6. Bg2 {[%emt 0:00:21]} e5 {[%emt 0:01:37]} 7. O-O {[%emt 0:01:16]} Nge7 {[%emt 0:01:32]} 8. Re1 {[%emt 0:00:51]} Bg4 {[%emt 0:01:43]} 9. Nf1 {[%emt 0:01:02]} Qd7 {[%emt 0:14:05]} 10. c3 {[%emt 0:01:30]} h6 {[%emt 0:14:57]} 11. Ne3 {[%emt 0:02:02]} h5 {[%emt 0:12:21]} 12. h4 {[%emt 0:01:20]} f5 {[%emt 0:13:13]} 13. Nxg4 {[%emt 0:06:01]} fxg4 {[%emt 0:06:01]} 14. Ng5 {[%emt 0:00:52]} Rf8 {[%emt 0:08:54]} 15. Qb3 {[%emt 0:03:08]} O-O-O {[%emt 0:08:04]} 16. a4 {[%emt 0:15:53]} d5 {[%emt 0:02:37]} 17. a5 {[%emt 0:02:15]} Rf6 {[%emt 0:02:38]} 18. Nh7 {[%emt 0:13:34]} Rd6 {[%emt 0:01:38]} 19. Ng5 {[%emt 0:00:17]} Rf8 {[%emt 0:07:12]} 20. a6 {[%emt 0:12:29]} b6 {[%emt 0:00:41]} 21. Rf1 {[%emt 0:04:45]} Na5 {[%emt 0:00:40]} 22. Qc2 {[%emt 0:01:16]} c4 {[%emt 0:00:23]} 23. exd5 {[%emt 0:07:15]} cxd3 {[%emt 0:00:42]} 24. Qxd3 {[%emt 0:00:57]} Nxd5 {[%emt 0:00:19]} 25. Bxd5 {[%emt 0:01:35]} Rxd5 {[%emt 0:00:26]} 26. Qxg6 {[%emt 0:00:13]} Nb3 {[%emt 0:00:28]} 27. Rb1 {[%emt 0:02:33]} Rf6 {[%emt 0:00:46]} 28. Qxh5 {[%emt 0:03:52]} Rd1 {[%emt 0:00:30]} 29. Be3 {[%emt 0:02:17]} Rxb1 {[%emt 0:00:35]} 30. Rxb1 {[%emt 0:00:36]} Qd3 {[%emt 0:00:27]} 31. Qe8+ {[%emt 0:01:04]} Kc7 {[%emt 0:00:19]} 32. Qxe5+ {[%emt 0:00:51]} Rd6 {[%emt 0:00:40]} 33. Qxg7+ {[%emt 0:00:56]} Rd7 {[%emt 0:00:11]} 34. Qe5+ {[%emt 0:01:42]} Kc8 {[%emt 0:00:47]} 35. Bf4 {[%emt 0:01:27]} Qxb1+ {[%emt 0:00:28]} 36. Kg2 {[%emt 0:00:40]} Kd8 {[%emt 0:00:32]} 37. Ne6+ {[%emt 0:00:31]} Ke8 {[%emt 0:00:33]} 38. Nc7+ {[%emt 0:00:14]} Kf7 {[%emt 0:00:34]} 39. Qe6+ {[%emt 0:00:51]} Kg7 {[%emt 0:00:20]} 40. Qxd7+ {[%emt 0:00:20]} Kg6 {[%emt 0:00:30]} 41. Qe6+ {[%emt 0:00:31]} Kh7 {[%emt 0:00:30]} 42. Qf7+ {[%emt 0:00:32]} Kh8 {[%emt 0:00:09]} 43. Be5# {[%emt 0:00:08]} 1-0

[Event "NED-ch U14 Youth 2019"]
[Site "Assen"]
[Date "2019.05.03"]
[Round "8.12"]
[White "Labruyere, Roger"]
[Black "Van der Hagen, Loek"]
[Result "1/2-1/2"]
[WhiteElo "1922"]
[BlackElo "1931"]
[Annotator "NA"]
[PlyCount "90"]
[EventDate "2019.04.28"]
[EventType "swiss"]
[EventCountry "NED"]
[SourceTitle "playchess.com"]
[Source "ChessBase"]
[SourceQuality "1"]
[TimeControl "5400+30"]

1. e4 {[%emt 0:02:42]} c5 {[%emt 0:00:00]} 2. Nf3 {[%emt 0:00:30]} d6 {[%emt 0:00:01]} 3. d4 {[%emt 0:00:22]} cxd4 {[%emt 0:00:07]} 4. Nxd4 {[%emt 0:00:17]} Nf6 {[%emt 0:00:06]} 5. Nc3 {[%emt 0:00:03]} a6 {[%emt 0:00:23]} 6. g3 {[%emt 0:00:06]} e5 {[%emt 0:00:47]} 7. Nb3 {[%emt 0:00:33]} Be7 {[%emt 0:02:30]} 8. Bg2 {[%emt 0:00:08]} Be6 {[%emt 0:00:40]} 9. O-O {[%emt 0:00:19]} O-O {[%emt 0:00:10]} 10. a4 {[%emt 0:00:24]} Nbd7 {[%emt 0:01:45]} 11. h3 {[%emt 0:01:09]} Qc7 {[%emt 0:02:06]} 12. Re1 {[%emt 0:00:44]} Rfd8 {[%emt 0:02:23]} 13. Nd2 {[%emt 0:02:22]} Rac8 {[%emt 0:04:15]} 14. Nf1 {[%emt 0:00:32]} h6 {[%emt 0:04:29]} 15. Ne3 {[%emt 0:00:56]} Bf8 {[%emt 0:01:08]} 16. g4 {[%emt 0:00:31]} Nb6 {[%emt 0:13:43]} 17. h4 {[%emt 0:11:59]} g6 {[%emt 0:05:22]} 18. a5 {[%emt 0:11:08]} Nbd7 {[%emt 0:13:23]} 19. g5 {[%emt 0:00:41]} hxg5 {[%emt 0:02:49]} 20. hxg5 {[%emt 0:00:01]} Nh5 {[%emt 0:00:28]} 21. Ned5 {[%emt 0:04:22]} Bxd5 {[%emt 0:01:40]} 22. Qxd5 {[%emt 0:00:30]} Be7 {[%emt 0:02:08]} 23. Qd1 {[%emt 0:05:06]} Re8 {[%emt 0:07:09]} 24. Be3 {[%emt 0:01:40]} Nf8 {[%emt 0:02:49]} 25. Bh3 {[%emt 0:04:33]} Ne6 {[%emt 0:04:11]} 26. Nd5 {[%emt 0:02:06]} Qd8 {[%emt 0:05:51]} 27. Bg4 {[%emt 0:05:29]} Nhg7 {[%emt 0:08:48]} 28. Bb6 {[%emt 0:00:45]} Rc7 {[%emt 0:06:09]} 29. Bxe6 {[%emt 0:01:04]} Nxe6 {[%emt 0:00:11]} 30. Nxc7 {[%emt 0:00:14]} Nxc7 {[%emt 0:00:09]} 31. Qg4 {[%emt 0:06:17]} Qc8 {[%emt 0:02:25]} 32. Qxc8 {[%emt 0:02:28]} Rxc8 {[%emt 0:00:04]} 33. Bxc7 {[%emt 0:11:26]} Rxc7 {[%emt 0:00:04]} 34. c3 {[%emt 0:01:22]} Bxg5 {[%emt 0:00:05]} 35. Ra3 {[%emt 0:00:13]} Kf8 {[%emt 0:01:07]} 36. Kf1 {[%emt 0:01:57]} Ke7 {[%emt 0:00:27]} 37. Ke2 {[%emt 0:00:06]} Ke6 {[%emt 0:00:37]} 38. Rb3 {[%emt 0:02:20]} Bd8 {[%emt 0:04:02]} 39. Rd1 {[%emt 0:02:30]} f5 {[%emt 0:00:57]} 40. f3 {[%emt 0:01:08]} fxe4 {[%emt 0:00:43]} 41. fxe4 {[%emt 0:01:36]} Rh7 {[%emt 0:00:08]} 42. Rd5 {[%emt 0:05:14]} g5 {[%emt 0:00:52]} 43. Ra3 {[%emt 0:13:37]} Rh2+ {[%emt 0:00:38]} 44. Kf3 {[%emt 0:00:00]} Rxb2 {[%emt 0:00:10]} 45. c4 {[%emt 0:00:00]} Rc2 {[%emt 0:00:43]} 1/2-1/2

[Event "NED-ch U14 Youth 2019"]
[Site "Assen"]
[Date "2019.05.03"]
[Round "8.13"]
[White "Shadrin, Mitia"]
[Black "Van Foreest, Nanne"]
[Result "0-1"]
[WhiteElo "1692"]
[BlackElo "1790"]
[Annotator "NA"]
[PlyCount "72"]
[EventDate "2019.04.28"]
[EventType "swiss"]
[EventCountry "NED"]
[SourceTitle "playchess.com"]
[Source "ChessBase"]
[SourceQuality "1"]
[TimeControl "5400+30"]

1. e4 {[%emt 0:00:00]} e5 {[%emt 0:00:00]} 2. Nf3 {[%emt 0:00:00]} Nc6 {[%emt 0:00:00]} 3. Bc4 {[%emt 0:00:00]} Nf6 {[%emt 0:00:00]} 4. d4 {[%emt 0:00:19]} exd4 {[%emt 0:00:00]} 5. Ng5 {[%emt 0:00:25]} d5 {[%emt 0:00:21]} 6. exd5 {[%emt 0:00:27]} Na5 {[%emt 0:07:51]} 7. Qxd4 {[%emt 0:00:11]} Nxc4 {[%emt 0:00:16]} 8. Qxc4 {[%emt 0:00:09]} Qxd5 {[%emt 0:00:51]} 9. Qe2+ {[%emt 0:01:53]} Be7 {[%emt 0:00:49]} 10. O-O {[%emt 0:00:10]} h6 {[%emt 0:01:16]} 11. Nc3 {[%emt 0:02:10]} Qc6 {[%emt 0:03:59]} 12. Re1 {[%emt 0:15:50]} O-O {[%emt 0:03:10]} 13. Qxe7 {[%emt 0:05:10]} hxg5 {[%emt 0:09:38]} 14. Bxg5 {[%emt 0:03:50]} Re8 {[%emt 0:21:15]} 15. Qb4 {[%emt 0:01:07]} Bf5 {[%emt 0:06:53]} 16. Bxf6 {[%emt 0:03:02]} gxf6 {[%emt 0:01:08]} 17. Rxe8+ {[%emt 0:13:41]} Rxe8 {[%emt 0:00:40]} 18. Qb3 {[%emt 0:01:24]} Rd8 {[%emt 0:04:13]} 19. Re1 {[%emt 0:17:20]} Rd2 {[%emt 0:05:34]} 20. Ne2 {[%emt 0:01:32]} Qd7 {[%emt 0:11:30]} 21. Qg3+ {[%emt 0:02:56]} Kf8 {[%emt 0:00:07]} 22. Nc3 {[%emt 0:29:24]} Rxc2 {[%emt 0:02:18]} 23. Qh4 {[%emt 0:00:00]} Kg7 {[%emt 0:01:07]} 24. Qg3+ {[%emt 0:00:00]} Bg6 {[%emt 0:02:12]} 25. h4 {[%emt 0:00:00]} Qd6 {[%emt 0:01:15]} 26. Qf3 {[%emt 0:00:00]} Qd2 {[%emt 0:03:29]} 27. Re2 {[%emt 0:00:00]} Qc1+ {[%emt 0:02:37]} 28. Kh2 {[%emt 0:00:00]} Qxb2 {[%emt 0:00:22]} 29. Rxc2 {[%emt 0:00:00]} Qxc2 {[%emt 0:00:15]} 30. h5 {[%emt 0:00:00]} Bxh5 {[%emt 0:00:43]} 31. Qg3+ {[%emt 0:00:00]} Bg6 {[%emt 0:00:36]} 32. Qxc7 {[%emt 0:00:00]} Qxf2 {[%emt 0:00:15]} 33. Nd5 {[%emt 0:00:00]} Qh4+ {[%emt 0:00:46]} 34. Kg1 {[%emt 0:00:00]} Qe1+ {[%emt 0:11:34]} 35. Kh2 {[%emt 0:00:00]} Qe5+ {[%emt 0:00:00]} 36. Kh3 {[%emt 0:00:00]} Qxd5 {[%emt 0:00:00]} 0-1

[Event "NED-ch U14 Youth 2019"]
[Site "Assen"]
[Date "2019.05.04"]
[Round "9.1"]
[White "Pham, Khoi"]
[Black "Kutchoukov, Daniel"]
[Result "1-0"]
[WhiteElo "2140"]
[BlackElo "1862"]
[Annotator "NA RC"]
[PlyCount "83"]
[EventDate "2019.04.28"]
[EventType "swiss"]
[EventCountry "NED"]
[SourceTitle "playchess.com"]
[Source "ChessBase"]
[SourceQuality "1"]
[TimeControl "5400+30"]

{[%evp 8,83,0,32767,32767,32767,32767,32767,32767,32767,-14,-68,32,0,110,32767,128,220,155,32767,220,32767,268,135,108,143,286,265,331,32767,32767,32767,32767,404,400,450,412,477,525,32767,32767,527,32767,32767,447,32767,32767,32767,522,678,32767,32767,32767,32767,32767,32767,32767,32767,32767,32767,1141,1459,32767,32767,3138,1164,1035,1307,32767,29967,5485,29979,29984,29990,29983,29991,32767,836]} 1. d4 {[%emt 0:00:00]} Nf6 {[%emt 0:00:00]} 2. c4 {[%emt 0:00:00]} e6 {[%emt 0:00:00]} 3. Nc3 {[%emt 0:00:00]} Bb4 {[%emt 0:00:00]} 4. f3 {[%emt 0:00:00]} c5 {[%emt 0:00:23]} 5. d5 {[%emt 0:00:00]} O-O {[%emt 0:00:08]} 6. e4 {[%emt 0:00:17]} b5 {[%emt 0:00:13] E20: Nimzo-Indian: 4 g3 and 4 f3} (6... d6 7. Bg5 exd5 8. cxd5 Nbd7 9. Bd3 Ne5 10. Nge2 c4 11. Bc2 Bc5 12. Qd2 h6 13. Be3 Qb6 14. Bxc5 Qxc5 {½-½ (68) Mamedyarov,S (2817)-Aronian,L (2765) Kolkata 2018}) 7. Bd2 {[%emt 0:00:44]} bxc4 {[%emt 0:10:55]} 8. Bxc4 {[%emt 0:00:42]} Ba6 {[%emt 0:14:55]} 9. b3 {[%emt 0:04:00]} Bxc3 $146 {[%emt 0:33:55]} ({Black should play Predecessor:} 9... exd5 $15 10. exd5 (10. Bxd5 Nxd5 11. Nxd5 Bxd2+ 12. Qxd2 Nc6 13. Ne2 Bxe2 14. Qxe2 {1-0 (33) Volkov,S (2599)-Matsenko,S (2505) Kaliningrad 2015}) 10... Bxc4 11. bxc4 Ne8) 10. Bxc3 {[%emt 0:00:43]} Nxe4 {[%emt 0:01:09]} (10... exd5 $11 {keeps the balance.} 11. Bxd5 Nxd5 12. Qxd5 {[%mdl 64] Double Attack} Qb6) 11. fxe4 {[%emt 0:02:50]} Qh4+ {[%emt 0:00:37] [#]} 12. g3 $1 {[%emt 0:02:23]} Qxe4+ {[%emt 0:02:09]} 13. Qe2 {[%emt 0:00:07]} Qxh1 {[%emt 0:32:06]} 14. O-O-O {[%emt 0:00:53]} exd5 {[%emt 0:00:00]} 15. Bxa6 {[%emt 0:00:30]} Nxa6 {[%emt 0:00:00] [#]} 16. Nf3 $1 {[%emt 0:01:21]} Qxd1+ $2 {[%emt 0:00:00]} (16... Rae8 $16 {might work better.} 17. Qf2 {[#]} Qxd1+ $1 {[%mdl 512]} 18. Kxd1 d4) 17. Qxd1 {[%emt 0:00:08]} d4 {[%emt 0:00:00]} 18. Nxd4 {[%emt 0:03:15]} cxd4 {[%emt 0:00:00]} 19. Qxd4 {[%emt 0:00:07]} f6 {[%emt 0:00:00]} 20. Qc4+ {[%emt 0:00:07] Double Attack} d5 {[%emt 0:00:00]} 21. Qxa6 {[%emt 0:00:08]} Rac8 {[%emt 0:00:16]} 22. Kb2 {[%emt 0:02:03]} Rfe8 {[%emt 0:01:52]} 23. Bd4 {[%emt 0:00:56]} Rc7 {[%emt 0:02:17]} 24. a4 {[%emt 0:02:50]} Ree7 {[%emt 0:00:27]} 25. Ka3 {[%emt 0:01:38]} Kf7 {[%emt 0:00:34]} 26. b4 {[%emt 0:01:33]} h6 {[%emt 0:00:32]} 27. a5 {[%emt 0:01:17]} Red7 {[%emt 0:00:29]} 28. Qd3 {[%emt 0:00:48]} Ke6 {[%emt 0:00:30]} 29. Bc5 {[%emt 0:01:32]} Rc6 {[%emt 0:00:30]} 30. Qe3+ {[%emt 0:00:31]} Kf7 {[%emt 0:00:21]} 31. Bxa7 {[%emt 0:00:22]} d4 {[%emt 0:00:34]} 32. Bxd4 {[%emt 0:00:49]} Rcd6 {[%emt 0:00:12]} 33. Bc3 {[%emt 0:00:11]} Re6 {[%emt 0:00:54]} 34. Qc5 {[%emt 0:00:23]} Rd3 {[%emt 0:00:30]} 35. Ka4 {[%emt 0:00:11]} Rd1 {[%emt 0:00:28]} 36. Kb5 {[%emt 1:14:41]} Rdd6 {[%emt 0:00:28]} 37. Bd4 {[%emt 0:00:00]} Ke7 {[%emt 0:00:32]} 38. Qc7+ {[%emt 0:00:00]} Ke8 {[%emt 0:00:31]} 39. Bc5 {[%emt 0:00:00]} Rd1 {[%emt 0:00:30]} 40. a6 {[%emt 0:00:00]} Re5 {[%emt 0:00:29]} 41. a7 {[%emt 0:00:00]} Ra1 {[%emt 0:00:20]} 42. Qc8+ $18 {[%emt 0:00:00]} (42. Qxg7 $142 Ree1 43. Qxf6 h5 44. Qf8+ Kd7 45. Qf7+ Kc8 46. Kb6 Kd8 47. Bd6) 1-0

[Event "NED-ch U14 Youth 2019"]
[Site "Assen"]
[Date "2019.05.04"]
[Round "9.2"]
[White "Slagboom, Leandro"]
[Black "Roebers, Eline"]
[Result "1/2-1/2"]
[WhiteElo "1738"]
[BlackElo "2077"]
[Annotator "NA RC"]
[PlyCount "63"]
[EventDate "2019.04.28"]
[EventType "swiss"]
[EventCountry "NED"]
[SourceTitle "playchess.com"]
[Source "ChessBase"]
[SourceQuality "1"]
[TimeControl "5400+30"]

{[%evp 8,59,36,18,32767,32767,32767,32767,48,32767,74,0,18,7,22,11,29,7,16,-1,0,-12,6,4,0,7,32767,0,5,32767,10,13,6,0,5,32767,32767,32767,19,32767,8,25,54,32767,20,32767,32767,8,32767,32767,19,14,32767,0]} 1. Nf3 {[%emt 0:00:00]} g6 {[%emt 0:00:02]} 2. e4 {[%emt 0:00:00]} Bg7 {[%emt 0:00:07]} 3. d4 {[%emt 0:00:00]} d6 {[%emt 0:00:04]} 4. Nc3 {[%emt 0:00:40]} Nf6 {[%emt 0:00:41]} 5. Bc4 {[%emt 0:01:28]} O-O {[%emt 0:01:16]} 6. h3 {[%emt 0:00:53]} c6 {[%emt 0:02:45]} 7. O-O {[%emt 0:01:37]} b5 {[%emt 0:02:21]} 8. Bd3 {[%emt 0:01:16] B08: Pirc Defence: Classical System} Qc7 {[%emt 0:04:49]} (8... Nbd7 9. Qe2 e5 10. dxe5 dxe5 11. Rd1 Qe7 12. Be3 Nc5 13. Rac1 Nh5 14. a3 Ne6 15. Na2 Nef4 {0-1 (37) Gardian,A (1648)-Mirzoev,E (2511) Raciborz 2019}) 9. a4 $146 {[%emt 0:09:50]} ({Predecessor:} 9. Bf4 Nh5 10. Bh2 e5 11. d5 b4 12. Ne2 cxd5 13. g4 Nf6 14. Ng3 dxe4 15. Nxe4 Nxe4 16. Bxe4 {0-1 (50) Edwards,S-Odiase,O (1834) Caleta 2016}) 9... b4 {[%emt 0:02:18]} 10. Ne2 {[%emt 0:01:18]} e5 {[%emt 0:04:05]} 11. c3 {[%emt 0:03:44]} bxc3 {[%emt 0:02:37]} 12. bxc3 {[%emt 0:00:40]} Nbd7 {[%emt 0:08:09]} 13. Ba3 {[%emt 0:03:43]} Re8 {[%emt 0:03:17]} 14. Ng3 {[%emt 0:01:26]} d5 {[%emt 0:05:23]} 15. Re1 {[%emt 0:03:46]} dxe4 {[%emt 0:03:45]} 16. Nxe4 {[%emt 0:02:02]} Nxe4 {[%emt 0:01:03]} 17. Bxe4 {[%emt 0:00:44]} exd4 {[%emt 0:06:37]} 18. cxd4 {[%emt 0:03:05]} Nf6 {[%emt 0:02:41]} 19. Bd3 {[%emt 0:06:14]} Be6 {[%emt 0:03:12]} 20. Rc1 {[%emt 0:02:59]} Bd5 {[%emt 0:05:08]} 21. Ne5 {[%emt 0:03:08]} Qb7 {[%emt 0:10:44]} 22. Bc4 {[%emt 0:11:48]} Nd7 {[%emt 0:12:16]} 23. Bxd5 {[%emt 0:02:41]} cxd5 {[%emt 0:01:07]} 24. Nc6 {[%emt 0:02:39]} Nf6 {[%emt 0:04:19]} 25. Re5 {[%emt 0:07:50]} Kh8 {[%emt 0:04:54]} 26. Qf3 {[%emt 0:07:38]} Rac8 {[%emt 0:01:45]} 27. Rxe8+ {[%emt 0:01:18]} Rxe8 {[%emt 0:00:15]} 28. Ne5 {[%emt 0:01:04]} Kg8 {[%emt 0:01:39]} 29. Qc3 {[%emt 0:04:20]} Nd7 {[%emt 0:03:40]} 30. Nc6 $11 {[%emt 0:01:11]} Kh8 {[%emt 0:00:56]} 31. Qa5 {[%emt 0:01:12]} Nb6 {[%emt 0:00:48]} 32. Qxa7 {[%emt 0:03:12]} 1/2-1/2